Basic electrical engineering (Record no. 7166)

000 -LEADER
fixed length control field 00658nam a2200217 4500
001 - CONTROL NUMBER
control field 7166
003 - CONTROL NUMBER IDENTIFIER
control field BD-DhUET
008 - FIXED-LENGTH DATA ELEMENTS--GENERAL INFORMATION
fixed length control field 740521s1975 nyua 001 0 eng
020 ## - INTERNATIONAL STANDARD BOOK NUMBER
International Standard Book Number 0070211523
040 ## - CATALOGING SOURCE
Original cataloging agency DLC
Transcribing agency DLC
Modifying agency BD-DhUET
082 00 - DEWEY DECIMAL CLASSIFICATION NUMBER
Classification number 623
Item number FIT/1975
100 1# - MAIN ENTRY--PERSONAL NAME
Personal name Fitzgerald, A. E.
245 10 - TITLE STATEMENT
Title Basic electrical engineering
Remainder of title circuits,electronics,machines,control
Statement of responsibility, etc. by A. E. Fitzgerald, David E. Higginbotham and Arvin Grabel
250 ## - EDITION STATEMENT
Edition statement 4th ed.
260 ## - PUBLICATION, DISTRIBUTION, ETC. (IMPRINT)
Place of publication, distribution, etc. New York
Name of publisher, distributor, etc. McGraw-Hill
Date of publication, distribution, etc. 1975
300 ## - PHYSICAL DESCRIPTION
Extent xiv, 817 p.
Other physical details illus.
Dimensions 24 cm.
650 #0 - SUBJECT ADDED ENTRY--TOPICAL TERM
Topical term or geographic name as entry element Electricity : Engineering
700 ## - ADDED ENTRY--PERSONAL NAME
Personal name Higginbotham, David E.
700 ## - ADDED ENTRY--PERSONAL NAME
Personal name Grabel, Arvin
942 ## - ADDED ENTRY ELEMENTS (KOHA)
Koha item type General Book
Holdings
Koha date last seen Koha issues (times borrowed) Price effective from Piece designation (barcode) Shelving location Date acquired Lost status Koha item type Copy number Sublocation or collection (holding branch) Location (home branch) Not for loan Koha full call number Koha normalized classification for sorting Source of classification or shelving scheme Withdrawn status Koha date last borrowed Damaged status
2018-08-0412014-12-0765364Circulation section2014-12-07 General Book1Central Library, BUETCentral Library, BUET 623/PIT/1975623PIT1975  2018-07-21 
2015-03-12 2015-03-1243309Circulation section2015-03-12 General Book2Central Library, BUETCentral Library, BUET 623/PIT/1975623_000000000000000_PIT_1975    
2015-03-12 2015-03-1243314Circulation section2015-03-12 General Book3Central Library, BUETCentral Library, BUET 623/PIT/1975623_000000000000000_PIT_1975    
2015-03-12 2015-03-1243676Circulation section2015-03-12 General Book4Central Library, BUETCentral Library, BUET 623/PIT/1975623_000000000000000_PIT_1975    
2015-03-12 2015-03-1242843Circulation section2015-03-12 General Book5Central Library, BUETCentral Library, BUET 623/PIT/1975623_000000000000000_PIT_1975    
2015-04-16 2015-04-1643308Circulation section2015-04-16 General Book6Central Library, BUETCentral Library, BUET 623/FIT/1975623_000000000000000_FIT_1975    
2015-04-18 2015-04-1843316Circulation section2015-04-18 General Book7Central Library, BUETCentral Library, BUET 623/FIT/1975623_000000000000000_FIT_1975    
2015-04-21 2015-04-2143310Circulation section2015-04-21 General Book8Central Library, BUETCentral Library, BUET 623/FIT/1975623_000000000000000_FIT_1975    
2015-04-21 2015-04-2143677Circulation section2015-04-21 General Book9Central Library, BUETCentral Library, BUET 623/FIT/1975623_000000000000000_FIT_1975    
2015-04-21 2015-04-2143313Circulation section2015-04-21 General Book10Central Library, BUETCentral Library, BUET 623/FIT/1975623_000000000000000_FIT_1975    
2015-04-21 2015-04-2143307Circulation section2015-04-21 General Book11Central Library, BUETCentral Library, BUET 623/FIT/1975623_000000000000000_FIT_1975    
2015-04-21 2015-04-2151101Circulation section2015-04-21 General Book12Central Library, BUETCentral Library, BUET 623/FIT/1975623_000000000000000_FIT_1975    
2015-06-28 2015-06-2842841Reading section2015-06-28 Reading Item13Central Library, BUETCentral Library, BUET 623/FIT/1975623_000000000000000_FIT_1975    
2015-06-28 2015-06-2842840Reading section2015-06-28 Reading Item14Central Library, BUETCentral Library, BUET 623/FIT/1975623_000000000000000_FIT_1975    
2015-06-28 2015-06-2843679Reading section2015-06-28 Reading Item15Central Library, BUETCentral Library, BUET 623/FIT/1975623_000000000000000_FIT_1975